[Event "Medellin Flores op 30th"]
[Site "Medellin"]
[Date "2023.08.04"]
[Round "2"]
[White "Ventura Rosario, Julio Esdeulin"]
[Black "Malagon Guzman, Juan Daniel"]
[Result "1-0"]
[WhiteElo "1881"]
[BlackElo "1559"]
[PlyCount "65"]
[EventDate "2023.08.03"]
[EventType "swiss"]
[EventRounds "9"]
[EventCountry "COL"]
[SourceTitle "EXT 2024"]
[Source "ChessBase"]
[SourceDate "2023.10.10"]
[SourceVersion "1"]
[SourceVersionDate "2023.10.10"]
[SourceQuality "1"]

1. d4 d5 2. Bf4 Nf6 3. Nc3 c5 4. e3 Nc6 5. Nb5 e5 6. dxe5 Ne4 7. Qxd5 Qa5+ 8. c3 a6 9. Nc7+ Qxc7 10. Qxe4 Be6 11. Nf3 0-0-0 12. Bc4 h6 13. Bxe6+ fxe6 14. Qg6 Qd7 15. 0-0 Ne7 16. Qf7 g5 17. Bg3 Rg8 18. h3 Bg7 19. b4 g4 20. hxg4 h5 21. Ng5 Bxe5 22. Nxe6 Bxg3 23. Nxd8 Bb8 24. Rad1 Qxg4 25. Qe6+ Qxe6 26. Nxe6 cxb4 27. cxb4 Nf5 28. Rd5 Nd6 29. Rxh5 Kd7 30. Nc5+ Kc6 31. a4 Nc4 32. Rc1 b5 33. Nxa6 1-0

[Event "Medellin Flores op 30th"]
[Site "Medellin"]
[Date "2023.08.03"]
[Round "1"]
[White "Castro Beltran, Carlos Alfonso"]
[Black "Ventura Rosario, Julio Esdeulin"]
[Result "0-1"]
[WhiteElo "1336"]
[BlackElo "1881"]
[PlyCount "92"]
[EventDate "2023.08.03"]
[EventType "swiss"]
[EventRounds "9"]
[EventCountry "COL"]
[SourceTitle "EXT 2024"]
[Source "ChessBase"]
[SourceDate "2023.10.10"]
[SourceVersion "1"]
[SourceVersionDate "2023.10.10"]
[SourceQuality "1"]

1. d4 d5 2. c4 e6 3. Nf3 Nf6 4. Bg5 Nbd7 5. Nc3 Be7 6. e3 a6 7. Bd3 h6 8. Bh4 dxc4 9. Bxc4 b5 10. Be2 Bb7 11. a3 0-0 12. 0-0 c5 13. Re1 c4 14. Qc2 Nd5 15. Bxe7 Qxe7 16. Nxd5 exd5 17. Qf5 a5 18. Nd2 Ra6 19. Bf3 g6 20. Qh3 f5 21. g3 g5 22. Qg2 Nf6 23. Qh1 Ne4 24. Rad1 b4 25. Nb1 Kg7 26. Bxe4 fxe4 27. Qg2 Bc8 28. h3 Raf6 29. Rd2 Qf7 30. Ree2 Ba6 31. Re1 Qd7 32. Rc2 Bc8 33. Kh2 Qf7 34. Ree2 Ba6 35. Red2 b3 36. Rc1 Rxf2 37. Rxf2 Qxf2 38. Nc3 Qxe3 39. Rf1 Rxf1 40. Qxf1 Qxd4 41. Qf5 Qd2+ 42. Kg1 Qc1+ 43. Kf2 Qxb2+ 44. Ne2 Qf6 45. Qxf6+ Kxf6 46. Nd4 b2 0-1

[Event "DOM-ch"]
[Site "Santo Domingo"]
[Date "2023.03.05"]
[Round "8"]
[White "Feliz Dotel, Dewar Bienvenido"]
[Black "Ventura Rosario, Julio Esdeulin"]
[Result "0-1"]
[WhiteElo "2044"]
[BlackElo "1822"]
[PlyCount "58"]
[EventDate "2023.02.24"]
[EventType "swiss"]
[EventRounds "11"]
[EventCountry "DOM"]
[SourceTitle "CBM 213 Extra"]
[Source "ChessBase"]
[SourceDate "2023.05.31"]
[SourceVersion "1"]
[SourceVersionDate "2023.05.31"]
[SourceQuality "1"]

1. Nf3 d5 2. d4 Nf6 3. c4 g6 4. cxd5 Nxd5 5. Nc3 Nxc3 6. bxc3 Bg7 7. e3 c5 8. Be2 0-0 9. 0-0 Nc6 10. Rb1 Qa5 11. Qb3 Bf5 12. Rb2 cxd4 13. cxd4 Rab8 14. Bd2 Qd8 15. Rd1 Be4 16. Bc3 e6 17. Qa4 a6 18. Nd2 f5 19. Nxe4 fxe4 20. Qb3 Qf6 21. Bc4 Rfe8 22. a4 b5 23. axb5 axb5 24. Bxb5 Na7 25. Qa4 Nxb5 26. Rxb5 Rf8 27. Rf1 Ra8 28. Qb3 Bh6 29. Bb4 Qxf2+ 0-1

[Event "Santo Domingo op 08"]
[Site "Santo Domingo"]
[Date "2019.08.20"]
[Round "7"]
[White "Ventura Rosario, Julio Esdeulin"]
[Black "Beltre Diaz, Omir Olanex"]
[Result "0-1"]
[WhiteElo "1821"]
[BlackElo "1859"]
[PlyCount "60"]
[EventDate "2019.08.12"]
[EventType "swiss"]
[EventRounds "8"]
[EventCountry "DOM"]
[SourceTitle "EXT 2020"]
[Source "ChessBase"]
[SourceDate "2019.10.17"]
[SourceVersion "1"]
[SourceVersionDate "2019.10.17"]
[SourceQuality "1"]

1. c4 Nf6 2. g3 e6 3. Bg2 d5 4. cxd5 exd5 5. e3 Be7 6. Ne2 0-0 7. 0-0 c6 8. Nbc3 Bf5 9. d3 Nbd7 10. e4 dxe4 11. dxe4 Bg4 12. h3 Be6 13. Nf4 Bc4 14. Re1 Ne5 15. Qc2 Bc5 16. Na4 Bb4 17. Rd1 Qe7 18. Be3 Rfd8 19. a3 Ba5 20. b4 Bc7 21. Bd4 Bb5 22. Bc5 Bd6 23. Rxd6 Rxd6 24. Bxd6 Qxd6 25. Rd1 Qe7 26. Nc3 Ba6 27. Nfe2 Rd8 28. Nd4 g6 29. a4 Qxb4 30. Qb3 Rxd4 0-1

[Event "Santo Domingo Independencia op 8th"]
[Site "Santo Domingo"]
[Date "2019.02.24"]
[Round "8"]
[White "Arias Diaz, Ernesto Antonio"]
[Black "Ventura Rosario, Julio Esdeulin"]
[Result "1-0"]
[WhiteElo "1922"]
[BlackElo "1607"]
[PlyCount "71"]
[EventDate "2019.02.15"]
[EventType "swiss"]
[EventRounds "8"]
[EventCountry "DOM"]
[SourceTitle "CBM 189 Extra"]
[Source "ChessBase"]
[SourceDate "2019.06.03"]
[SourceVersion "1"]
[SourceVersionDate "2019.06.03"]
[SourceQuality "1"]

1. e4 c5 2. Nc3 Nc6 3. g3 d6 4. h3 Nf6 5. Bg2 e6 6. d3 Be7 7. Nge2 0-0 8. 0-0 Qd7 9. f4 b6 10. g4 Bb7 11. Ng3 Nd4 12. Be3 Nb5 13. Nce2 d5 14. e5 Ne8 15. Bd2 d4 16. Ne4 f5 17. exf6 Nxf6 18. a4 Nd6 19. N2g3 Nd5 20. Qe2 Rac8 21. f5 exf5 22. Nxd6 Bxd6 23. Nxf5 Rce8 24. Qf3 Ne3 25. Qxb7 Qxb7 26. Bxb7 Nxf1 27. Bd5+ Kh8 28. Rxf1 Bh2+ 29. Kg2 Re2+ 30. Rf2 Rxf2+ 31. Kxf2 g6 32. Bh6 gxf5 33. Bxf8 fxg4 34. hxg4 Bf4 35. Kf3 Bb8 36. Ke4 1-0

[Event "Santo Domingo Independencia op 8th"]
[Site "Santo Domingo"]
[Date "2019.02.17"]
[Round "4"]
[White "Ventura Rosario, Julio Esdeulin"]
[Black "Acevedo Vargas, Julio"]
[Result "1-0"]
[WhiteElo "1607"]
[BlackElo "1898"]
[PlyCount "77"]
[EventDate "2019.02.15"]
[EventType "swiss"]
[EventRounds "8"]
[EventCountry "DOM"]
[SourceTitle "CBM 189 Extra"]
[Source "ChessBase"]
[SourceDate "2019.06.03"]
[SourceVersion "1"]
[SourceVersionDate "2019.06.03"]
[SourceQuality "1"]

1. d4 d5 2. Bf4 e6 3. e3 Nf6 4. Nd2 Bd6 5. Bg5 Nbd7 6. c4 c6 7. c5 Be7 8. Ngf3 Ne4 9. Nxe4 dxe4 10. Bxe7 Qxe7 11. Nd2 f5 12. Qh5+ g6 13. Qh6 Nf6 14. Nc4 Ng4 15. Qh3 0-0 16. Be2 b5 17. Nd6 e5 18. Bxg4 fxg4 19. Qg3 exd4 20. exd4 Qf6 21. Qe3 Bf5 22. 0-0 a5 23. a3 Kg7 24. b4 a4 25. Rad1 Qe6 26. d5 cxd5 27. Qd4+ Kg8 28. Qxd5 Qxd5 29. Rxd5 Rad8 30. Rfd1 Be6 31. R5d4 Bb3 32. R1d2 h5 33. Nxb5 Rde8 34. Nd6 e3 35. fxe3 Rxe3 36. Re4 Rc3 37. Re1 Be6 38. Nb5 Rb3 39. Nd4 1-0

[Event "DOM-ch U20"]
[Site "Santo Domingo"]
[Date "2018.11.05"]
[Round "7"]
[White "Ventura Rosario, Julio Esdeulin"]
[Black "Mesa Cruz, Juan Carlos"]
[Result "0-1"]
[WhiteElo "1628"]
[BlackElo "1766"]
[PlyCount "86"]
[EventDate "2018.11.02"]
[EventType "swiss"]
[EventRounds "8"]
[EventCountry "DOM"]
[SourceTitle "EXT 2021"]
[Source "ChessBase"]
[SourceDate "2020.10.23"]
[SourceVersion "1"]
[SourceVersionDate "2020.10.23"]
[SourceQuality "1"]

1. b4 e6 2. Bb2 Nf6 3. a3 b6 4. Nf3 Bb7 5. e3 Be7 6. Be2 0-0 7. 0-0 d5 8. c4 c5 9. bxc5 Bxc5 10. d4 Bd6 11. Nbd2 Qe7 12. Qb3 Nc6 13. Rfc1 Na5 14. Qc3 dxc4 15. Nxc4 Rac8 16. Qe1 Nb3 17. Nxd6 Qxd6 18. Rxc8 Rxc8 19. Rb1 Be4 20. Rd1 Bc2 21. Ba6 Rc7 22. d5 exd5 23. Be5 Qxa3 24. Bxc7 Qxa6 25. Nd4 Bxd1 26. Qxd1 Nxd4 27. Qxd4 Qc4 28. Qxc4 dxc4 29. Kf1 Kf8 30. Ke2 Ke7 31. f4 g6 32. Be5 Ng4 33. Bb8 Kd7 34. h3 Nf6 35. Be5 Ne4 36. Kf3 Nc5 37. Ke2 b5 38. Bd4 Nb3 39. Bxa7 Kc7 40. Kd1 Kb7 41. Bd4 Nxd4 42. exd4 Kc6 43. Kc2 b4 0-1

[Event "DOM-ch U20"]
[Site "Santo Domingo"]
[Date "2018.11.03"]
[Round "3"]
[White "Brito Nunez, Angel Manuel"]
[Black "Ventura Rosario, Julio Esdeulin"]
[Result "0-1"]
[WhiteElo "1684"]
[BlackElo "1628"]
[PlyCount "68"]
[EventDate "2018.11.02"]
[EventType "swiss"]
[EventRounds "8"]
[EventCountry "DOM"]
[SourceTitle "EXT 2021"]
[Source "ChessBase"]
[SourceDate "2020.10.23"]
[SourceVersion "1"]
[SourceVersionDate "2020.10.23"]
[SourceQuality "1"]

1. e4 c5 2. Nf3 Nc6 3. d4 cxd4 4. Nxd4 Nf6 5. Nc3 e6 6. Bg5 Be7 7. Bc4 Qb6 8. Ndb5 0-0 9. Be3 Qd8 10. f4 a6 11. Nd6 Bxd6 12. Qxd6 Ng4 13. Bc5 Re8 14. Na4 Qa5+ 15. Nc3 b6 16. Bg1 b5 17. Bb3 b4 18. Na4 Qb5 19. 0-0-0 Rb8 20. e5 Na5 21. h3 Nxb3+ 22. axb3 Nh6 23. g4 Bb7 24. Rh2 Bc6 25. Kb1 Rec8 26. Nc5 Bd5 27. Rhd2 a5 28. Qxd7 Rxc5 29. Qxb5 Rcxb5 30. c4 bxc3 31. bxc3 Rxb3+ 32. Kc2 Be4+ 33. Rd3 Rb2+ 34. Kc1 Rb1+ 0-1